| 000 | 00732nam a22002297a 4500 | ||
|---|---|---|---|
| 003 | OSt | ||
| 005 | 20150715115429.0 | ||
| 008 | 150715b xxu||||| |||| 00| 0 eng d | ||
| 020 | _a9781606239575 | ||
| 040 | _aSEKU | ||
| 050 |
_aRJ 506 _b.B7 |
||
| 100 | _aBrent, David A. | ||
| 245 |
_aTreating depressed and suicidal adolescents : _ba clinician's guide / _cDavid A. Brent, Kimberly D. Poling, Tina R. Goldstein. |
||
| 260 |
_aNew York : _bThe Guildford press, _cc2011. |
||
| 300 |
_a276 p. : _bill. |
||
| 650 |
_aDepression in adolescence _xTreatment |
||
| 650 | _aAdolescent psychotherapy | ||
| 650 | _aTeenagers-suicidal behavior | ||
| 700 | _aPoling, Kimberly D. | ||
| 700 | _aGoldstein, Tina R. | ||
| 942 |
_2lcc _cGEN |
||
| 999 |
_c5980 _d5980 |
||